000 00537cam a2200181 4500
001 D7517
008 090401t1969 xxu||||| |||| 00| 0 eng d
035 _a(Sirsi) u7804
041 _aeng
050 _a690
100 _aNeve, Richard
245 _aNeve`s the city and country purchaser and builder`s dictionary, a reprint of the work subtitled `The Complete Builders Guide`, published 1726
260 _aLondon
_bDavid and Charles Reprints
_c1969
300 _axx. 284p. 23cm
350 _a4.2
942 _n0
948 _c04/03/1997
999 _c86445
_d86445